Click the Animal Group Name - Statistics

General Stats
  • This quiz has been taken 150 times
  • The average score is 9 of 20
Answer Stats
Hint Answer % Correct
Birds Flock
91%
Fish School
89%
Dogs Pack
84%
Lions Pride
84%
Crows Murder
76%
Geese Gaggle
73%
Owls Parliament
65%
Dolphins Pod
62%
Chickens Clutch
43%
Foxes Skulk
33%
Ravens Unkindness
32%
Rhinoceroses Crash
31%
Baboons Troop
31%
Rabbits Colony
29%
Frogs Army
24%
Cats Clowder
23%
Ferrets Business
20%
Pelicans Convent
16%
Hedgehogs Array
15%
Turtles Bale
11%
No matching quizzes found
Score Distribution
Percent of People with Each Score
Percentile by Number Answered
Your Score History
You have not taken this quiz